000 00920nam a2200313 a 4500
003 AR-BaBNM
005 20251128210824.0
008 082120s2002 ||||||||||||||000 | spa||
020 _a84-316-2503-1
040 _cAR-BaBNM
100 1 _aPizarro Sorando, Rafael
245 0 0 _aCómo estudiar química
_bguía para estudiantes
250 _a1ª ed.
260 _aBarcelona
_bVicens Vives
_c1992
300 _a311 p.
_btablas, diagr.
500 _aContiene apéndices y glosario
650 4 _aENSEÑANZA DE LA QUIMICA
650 4 _aMETODOS DE ESTUDIO
650 4 _aHISTORIA DE LAS CIENCIAS
650 4 _aEXPERIMENTOS CIENTIFICOS
650 4 _aMETODOS DE LABORATORIO
650 4 _aINVESTIGACION CIENTIFICA
650 4 _aPROCESO DE APRENDIZAJE
650 4 _aFORMACION DE CONCEPTOS
650 4 _aTECNICAS DIDACTICAS
653 _aENSEÑANZA DE LAS CIENCIAS NATURALES
942 _cBK
998 _cRAQUEL
999 _c17068
_d17068